000 00799nam a22002535i 4500
001 168806
003 ES-MaACL
005 20230906213909.0
008 080610s2000 sp |||| | spa d
020 _a84-7664-707-7
080 _a7.032.115(064.3)
245 0 0 _aMonasterios y lamas del Tibet
_b: exposición organizada por la Fundación "la Caixa".
250 _a1ª ed.
260 _aBarcelona :
_bFundación "la Caixa",
_c2000.
300 _a237 p. :
_bil. col. ;
_c30 cm.
500 _aExposición itinerante.
504 _aBibliografía.
650 1 4 _aArte tibetano-
_vExposiciones.
_9137923
655 7 _2tgfbne
_9193628
_aCatálogos de exposiciones
710 2 _aFundació "la Caixa"
_9173255
852 4 _aES-MaACL
_jL-29475
942 _2udc
999 _c168806
_d168806